Переписка с председателем Следственного Отдела НКЮ о кабинете судебной экспертизы и письма, заявления и обращения на имя Управля...

Доступно только в Электронных читальных залах Найти на картеНа карте
RUSMARC
00004349nac2a22003011x 450
001e9e39ff8-7a1d-4ca7-9703-48b0f0a2e308
00520150731144852.0
100##$a20150421l1918 k y0rusy50 ca
1010#$arus
102##$aRU
105##$ay z |||e|
1220#$ad19181231
2001#$aПереписка с председателем Следственного Отдела НКЮ о кабинете судебной экспертизы и письма, заявления и обращения на имя Управляющего Делами СНК В. Д. Бонч-Бруевича о разрешении въезда на Украину, в Белоруссию и другие области, о представлении работы, освобождении из под ареста и по другим вопросам
$j1918
215##$a48 листов
251##$cДело
300##$aЛисты 2, 4, 6-7, 11-14, 18-19, 23, 29, 31б, 40, 43, 47 - блеклые; листы 15, 27об - газетные вырезки; листы 26, 36 - чернильные пятна
300##$aЧасть документов рукописная, часть - машинописная, часть напечатана типографским способом
324##$aВ деле имеются копии отдельных документов
325##$aМикрофотокопия
330##$aВходит в раздел описи: II. Канцелярия. Б. Общее делопроизводство. 1. Дела Управляющего Делами СНК
461#0$1001ad6baeac-e292-4829-90d1-2f4f65796a62
$12001
$aСОВЕТ НАРОДНЫХ КОМИССАРОВ РСФСР (СНК РСФСР)
$1251
$cФонд
$1852
$j130
$gР
462#0$1001afc5aed5-c9a9-4404-94f6-7a20e205e43c
$12001
$a1913-1919 гг.
$vД. 357
$1251
$cОпись
$1852
$j2
600#1$aБонч-Бруевич
$bВ. Д.
60101$3RU\NLR\AUTH\661074810
$aРСФСР
$bСовет Народных Комиссаров
60102$aРСФСР. Народный комиссариат юстиции. Следственный отдел
801#0$aRU
$bGA_RF
801#1$aRU
$bНПО Опыт
$c20150421
$2rusmarc
801#2$aRU
$bПБ им. Б.Н. Ельцина
$c20150731
$gRCR
$2rusmarc
852##$aГА РФ
$j357
937##$d52183427
$hПБ
035##$aRuPRLIB51030631
Формат отображения